000 00389nam a22001577a 4500
999 _c12430
_d12430
008 210201b ||||| |||| 00| 0 eng d
082 0 0 _a620.1
_bJ956
100 _93214
_aJunnarkar, S. B.
245 1 0 _aEngineering mechanics
_cby S. B. Junnarkar
250 _a1st ed.
260 _aBombay
_bCharotar
_c1966
300 _axi, 300p.
365 _d7.50
650 0 _aMechanics
942 _cBK